000 00346nam a2200133Ia 4500
005 20260328104339.0
008 260328s9999||||xx |||||||||||||| ||und||
100 _aAsensio Cerver, Francisco
245 0 _aPlazas, Espacios Urbanos /
_cFrancisco Asensio Cerver
260 _bArco libros
300 _a190 p.
650 _aURBANISMO
942 _cBK
999 _c12043
_d12043